000 00563nam a2200193Ia 4500
005 20250317124559.0
008 008 250317s9999 xx 000 0 eng d
020 _a0-201-43389-3
037 _aTextbook
040 _aFMSL
_beng
_cFMSL
041 _aeng
_2eng
084 _aX:9.1 N9
_qFMSL
100 _aBlack J S
_9735913
245 0 _aGlobalizing people through international assignment
260 _aNew York
_bNew York, Addison-Wesly
_c1999
300 _a302p
942 _cTB
_hX:9.1 N9
999 _c1256095
_d1256095